| 000 | 00739nam a2200229 i 4500 | ||
|---|---|---|---|
| 001 | bgj | ||
| 100 | 1 |
_aSAUTERMEISTER, Gert _d(1940- ) |
|
| 245 | 1 | 0 |
_aThomas Mann: "Mario und der Zauberer" / _cGert Sautermeister. |
| 260 |
_aMünchen : _bWilhelm Fink Verlag, _cc. 1981. |
||
| 300 |
_a166 S. ; _c19 cm. |
||
| 490 | 1 |
_aModellanalysen zur deutschen Literatur. Uni-TaschenBücher ; _v976 |
|
| 600 | 1 | 9 | _aMann, Thomas, 1875-1955 |
| 650 | 9 | _aDeutsche Literatur | |
| 700 | 1 |
_aSCHULTZ, Hans Jürgen. _eHg. |
|
| 830 | 0 |
_aModellanalysen zur deutschen Literatur. _pUni-TaschenBücher ; _v976 |
|
| 020 | _a3770518861 | ||
| 040 | _cBPK | ||
| 041 | 0 | _ager | |
| 920 | _a3-7705-1886-1 | ||
| 942 | _cKS | ||
| 008 | s gw f |000 0 ger | ||
| 999 |
_c50984 _d50984 |
||
| 856 |
_uhttp://koha.tu.koszalin.pl/cgi-bin/koha/opac-detail.pl?biblionumber=50984 _yKatalog online BPK |
||